東京都の市町村人口ランキング - Statistics

General Stats
  • This quiz has been taken 146 times
  • The average score is 32 of 62
Answer Stats
Hint Answer % Correct
世田谷区 918,141
99%
練馬区 741,540
89%
大田区 733,634
87%
足立区 693,223
85%
江戸川区 689,961
83%
板橋区 572,927
74%
杉並区 572,843
73%
八王子市 560,692
73%
江東区 539,108
68%
葛飾区 467,000
65%
町田市 430,380
62%
品川区 408,280
61%
新宿区 349,226
59%
北区 357,701
58%
調布市 238,774
57%
府中市 260,078
56%
中野区 337,377
55%
豊島区  291,650
53%
目黒区 279,520
52%
墨田区 284,555
51%
文京区 232,177
51%
立川市 185,825
51%
千代田区 68,755
51%
港区 266,306
50%
渋谷区 230,609
50%
荒川区 219,268
50%
台東区 212,388
50%
西東京市 205,899
50%
島部 青ヶ島村 156
50%
郡部 檜原村 1,986
49%
小平市 196,913
48%
三鷹市 189,959
48%
中央区 176,835
48%
郡部 奥多摩町 4,603
48%
郡部 日の出町 16,300
47%
郡部 瑞穂町 32,062
46%
島部 大島町 6,982
46%
島部 八丈町 6,968
46%
島部 小笠原村 2,600
46%
東村山市 151,751
45%
青梅市 129,468
45%
日野市 187,494
44%
多摩市 147,776
44%
昭島市 114,516
44%
福生市 56,512
44%
羽村市 54,416
44%
国分寺市 128,762
43%
武蔵村山市 71,018
43%
武蔵野市 147,809
42%
清瀬市 74,596
42%
小金井市 124,614
41%
狛江市 82,102
41%
あきる野市 79,513
41%
島部 三宅村 2,254
41%
稲城市 93,781
39%
東大和市 85,085
39%
国立市 75,889
39%
島部 神津島村 1,775
39%
島部 新島村 2,453
38%
東久留米市 116,512
35%
島部 御蔵島村 291
34%
島部 利島村 314
33%
No matching quizzes found
Score Distribution
Percent of People with Each Score
Percentile by Number Answered
Your Score History
You have not taken this quiz